| 000 | 00407nam a2200181Ia 4500 | ||
|---|---|---|---|
| 008 | 090124s9999 xx 000 0 und d | ||
| 082 | _b42337 | ||
| 100 | _aGUTHRIE A.B. | ||
| 245 | _aTHE WAY WEST | ||
| 250 | _a2 | ||
| 260 |
_bA LADDER EDITION _c1957 |
||
| 300 | _a152 | ||
| 600 | _aGUTHRIE A.B. | ||
| 630 | _aTHE WAY WEST | ||
| 700 | _aGUTHRIE A.B. | ||
| 730 | _aTHE WAY WEST | ||
| 942 | _cBOOK | ||
| 999 |
_c108510 _d108510 |
||